Normal view
MARC view
- Aʻẓam, Kāmrān,
Entry Personal Name
001 - CONTROL NUMBER
- control field: 4623
003 - CONTROL NUMBER IDENTIFIER
- control field: NUST
005 - DATE AND TIME OF LATEST TRANSACTION
- control field: 20170918115804.0
008 - FIXED-LENGTH DATA ELEMENTS
- fixed length control field: 170918|| aca||aabn | a|a d
040 ## - CATALOGING SOURCE
- Original cataloging agency: NUST
- Transcribing agency: NUST
100 ## - HEADING--PERSONAL NAME
- Personal name: Aʻẓam, Kāmrān,
- Dates associated with a name: 1976-
670 ## - SOURCE DATA FOUND
- Source citation: Work cat.: (NUST)0: 880-01 Aʻẓam, Kāmrān, 1976-, Marī qabīlah :, 2012.
